Valorant Quiz - Statistiken

Allgemein
  • Dieses Quiz wurde 1.257 mal gespielt
  • Das Durchschnittsergebnis liegt bei 11 aus 28
Antwortstatistiken
Frage Antwort % Korrekt
Wie viele Maps hat Valorant? 9
94%
Wie viele Agenten hat Valorant? 21
90%
Welche Map spielt in Marokko? Bind
71%
Welcher Agent kommt aus Mexiko? Reyna
68%
Welcher Agent besitzt die Fähigkeit "Trademark"? Chamber
59%
Auf welcher Map gibt es das Callout "Pizza"? Ascent
58%
Aus welchem Land kommt Jett? Südkorea
51%
Welcher Agenten wurde am meisten generfed? Chamber
50%
Wann wurde Valorant veröffentlicht (Alpha) 2020
49%
Welche Map erschien vor Fracture? Breeze
49%
Von welchem Agent außer Kayo ist das Herkunftsland nicht bennant? Omen
48%
Wer ist das erste Couple in Valorant? Killjoy und Raze
45%
An welchem Agent wurden einst lebensgefährliche Experimente durchgeführt? Omen
41%
Aus welchem Land aus Nordamerika kommt kein Valorant-Agent? Kanada
40%
Welche Map hat laut Beschreibung keine Mitte? Bind
38%
Welcher Agent hat die Fähigkeit "Curveball"? Phoenix
38%
Welche Map befindet sich auf der Omega-Erde? Pearl
34%
Wer stirbt immer in den Valorant-Lores? Cypher
32%
Auf welcher Map gibt es den Ort "Logs"? Ascent
29%
Wer hat die Fähigkeit "Blitzladung"? Breach
26%
"Genieße den Ausblick über historische Ruinen und Höhlen" stammt aus der Beschreibung welcher Map? Breeze
23%
Wer hat das erste Valorant Major-Turnier gewonnen? Sentinels
22%
Wer hat Kayo gebaut? Brimstone
21%
Wo befindet sich "Switch"? Breeze
11%
Wer hat das erste Valorant Champions gewonnen? Acend
8%
In welchem Raum könnte laut Nils eine Shisha gestanden haben? Hookah
6%
Haven ist ein vergessenes...? Kloster
3%
Wie heißt der Agententrailer von Fade? Gute Nacht
1%
Keine übereinstimmenden Quizze gefunden
Verteilung der Resultate
Anzahl Personen mit jedem Resultat
Perzentil nach korrekt beantworteten Fragen
Ihre Resultats-Entwicklung
Sie haben dieses Quiz noch nicht gespielt